000
00322 a2200133 4500
005
20250629150302.0
020
_a
978-0-263-29464-4
082
_a
813.6 MEI
100
_a
MEIER, S
245
_a
The Single Dad's Italian Invitation
260
_a
Great Britain
_b
Mills & Boon
_c
2922.
300
_a
287p
_c
20cm
942
_2
ddc
_c
BKS
999
_c
6418
_d
6418